| 000 | 00559nam a2200181Ia 4500 | ||
|---|---|---|---|
| 999 |
_c34977 _d34977 |
||
| 003 | OSt | ||
| 005 | 20200131151204.0 | ||
| 008 | 190216s9999||||xx |||||||||||||| ||und|| | ||
| 020 | _a9789381836750 | ||
| 040 | _coclc | ||
| 082 |
_a355.03109540951 _bRAG/D |
||
| 100 |
_aRaghavan, K N _91712 |
||
| 245 | 0 |
_aDividing Lines Contours Of India-China Conflict / _cK N Raghavan |
|
| 260 |
_bPlatinum Publications, _c2012. _aMumbai: |
||
| 300 | _a385p | ||
| 650 | _aPolitics | ||
| 942 |
_cBK _2ddc _h355.03109540951 _iRAG/D _k355.03109540951 _mRAG/D |
||